=LDR 00000nam 2200000 4500 =001 INLIS000000000034628 =005 20240906092150 =035 ##$$a 0010-061300000034628 =008 240906################a##########0#ind## =041 ##$$a ind =082 ##$$a 028.5 =090 ##$$a 028.5, Cla,k =100 ##$$a Clara NG =245 1#$$a Kapan Hujan Berhenti /$c Clara Ng =260 ##$$a Jakarta :$b PT Gramedia Utama,$c 2007 =300 ##$$a 24 hlm. : $b Illus. ; $c 21 cm =650 #4$$a Bacaan Kanak-Kanak =850 ##$$a NBPNMAT =020 ##$$a 9792225765 =084 ##$$a 028.5 CLA k =990 ##$$a 0001/BPAP-NTB/20142014 =990 ##$$a 0001/BPAP-NTB/2016 =990 ##$$a 21009823 =990 ##$$a 0001/BPAP-NTB/2016